Statistiken für Größte Gemeinden Salzburgs

Klicken Sie hier um das Quiz zu spielen!

Allgemein

  • Dieses Quiz wurde 146 mal gespielt
  • Das Durchschnittsergebnis liegt bei 25 aus 50

Antwortstatistiken

Bezirk (Gau)EinwohnerGemeinde% Korrekt
Salzburg154.200Salzburg
100%
Tennengau21.200Hallein
94%
Pongau11.000St. Johann im Pongau
93%
Pinzgau9.900Zell am See
93%
Pinzgau16.800Saalfelden am St. Meer
85%
Pongau10.600Bischofshofen
83%
Flachgau13.200Wals-Siezenheim
76%
Flachgau10.900Seekirchen am Wallersee
73%
Lungau5.700Tamsweg
70%
Flachgau7.600Straßwalchen
62%
Tennengau5.900Abtenau
61%
Pinzgau5.400Mittersill
61%
Pongau4.800Radstadt
61%
Pongau4.000Bad Gastein
60%
Tennengau4.300Golling an der Salzach
60%
Tennengau7.300Kuchl
60%
Flachgau7.300Grödig
57%
Flachgau6.300Neumarkt am Wallersee
55%
Pongau6.900Bad Hofgastein
54%
Flachgau4.200Anif
50%
Flachgau5.400Bergheim
50%
Tennengau4.700Puch bei Hallein
50%
Flachgau7.000Eugendorf
49%
Pongau4.300Altenmarkt im Pongau
48%
Flachgau5.800Oberndorf bei Salzburg
46%
Pongau3.500Schwarzach im Pongau
46%
Flachgau3.900St. Gilgen
46%
Flachgau3.300Mattsee
45%
Flachgau4.000Lamprechtshausen
44%
Flachgau5.500Elsbethen
43%
Pongau3.800St. Veit im Pongau
43%
Flachgau4.200Hallwang
41%
Flachgau5.900Thalgau
41%
Flachgau4.900Bürmoos
40%
Flachgau3.600Hof bei Salzburg
38%
Pinzgaz3.200Kaprun
38%
Flachgau3.600Strobl
37%
Tennengau4.400Oberalm
34%
Lungau3.500St. Michael im Lungau
34%
Pinzgau4.800Bruck a.d. Großglocknerstr.
32%
Flachgau3.600Koppl
32%
Flachgau3.800Anthering
30%
Flachgau4.900Henndorf am Wallersee
29%
Flachgau4.800Obertrum am See
29%
Pinzgau3.300Leogang
28%
Pongau3.800Großarl
27%
Pinzgau3.600Maishofen
24%
Tennengau3.600Adnet
23%
Pinzgau3.900Bramberg am Wildkogel
22%
Pinzgau3.800Piesendorf
21%

Verteilung der Resultate

Perzentil nach korrekt beantworteten Fragen

Anzahl Personen mit jedem Resultat

Ihre Resultats-Entwicklung

Sie haben dieses Quiz noch nicht gespielt